| 000 | 00991 a2200253 4500 | ||
|---|---|---|---|
| 003 | Nust | ||
| 005 | 20170207154010.0 | ||
| 010 | _a 2002111958 | ||
| 020 | _a0782141765 | ||
| 040 | _cNust | ||
| 082 | _a005.133 | ||
| 100 | 1 | _aBlum, Richard, | |
| 245 | 1 | 0 |
_aC# network programming -(E-BOOK) _cRichard Blum. |
| 260 |
_aSan Francisco : _bSybex, _cc2003. |
||
| 300 |
_axxii, 647 p. : _bill. ; _c23 cm. |
||
| 500 | _aIncludes index. | ||
| 505 | _aPart I - Network Programming Basics Part II - Network Layer Programing Part III - Application Layer Programming Examples | ||
| 650 | 0 | _aC# (Computer program language) | |
| 650 | 0 | _aInternet programming. | |
| 651 | _aE-BOOK | ||
| 856 | 4 | 2 |
_3Contributor biographical information _uhttp://www.loc.gov/catdir/enhancements/fy0613/2002111958-b.html |
| 856 | 4 | 2 |
_3Publisher description _uhttp://www.loc.gov/catdir/enhancements/fy0613/2002111958-d.html |
| 856 | 4 | 2 |
_3Table of contents only _uhttp://www.loc.gov/catdir/enhancements/fy0613/2002111958-t.html |
| 942 |
_2ddc _cBK |
||
| 999 |
_c191149 _d191149 |
||